000 00228nam a2200097Ia 4500
008 240331s9999 xx 000 0 und d
082 _bSUN
100 _aSundarampillai, N
245 0 _aYarlpanathil antha aaru mathankal
942 _cL
999 _c1441
_d1441